|
|
|
|
| LEADER |
00793nam a2200253 a 4500 |
| 003 |
AR-BeUNQ |
| 005 |
20250217100913.0 |
| 008 |
240729s1968 ag 00| f spa d |
| 999 |
|
|
|c 38399
|d 122199
|
| 040 |
|
|
|a AR-BeUNQ
|b spa
|e aacr
|
| 041 |
|
|
|h spa
|
| 082 |
|
|
|a Ar 863
|2 21
|
| 100 |
1 |
|
|9 5014
|a Petit de Murat, Ulyses,
|d 1907-1983
|
| 245 |
1 |
3 |
|a La vida fanática /
|c Ulyses Petit de Murat.
|
| 260 |
|
|
|a Buenos Aires :
|b Paidós,
|c 1968.
|
| 300 |
|
|
|a 308 p. ;
|c 18 cm.
|
| 490 |
1 |
|
|a Letras argentinas Paidós
|
| 650 |
|
7 |
|a Literatutra argentina
|2 ttll
|
| 650 |
|
7 |
|a Literatura (Arte)
|2 spines
|
| 651 |
|
7 |
|a Argentina
|2 spines
|
| 655 |
|
7 |
|a Novelas
|2 ttll
|
| 830 |
|
0 |
|9 5015
|a Letras argentinas Paidós
|
| 929 |
|
|
|a DONACION
|b Margarita Pierini
|e 20170309
|f PAT0066755
|d 500,00
|g 3210
|j 62422
|h 1
|
| 942 |
|
|
|c LIB
|n 0
|